Französisch Vokabeln Grundwissen - Orte und Dinge in der Stadt - Statistiken

Allgemein
  • Dieses Quiz wurde 53 mal gespielt
    52 seit der letzten Aktualisierung
  • Das Durchschnittsergebnis liegt bei 14 aus 29
Antwortstatistiken
Hint Antwort % Korrekt
das Haus la maison
79%
der Platz la place
79%
die Strasse la rue
76%
der Bus le bus
74%
das Museum le musée
74%
das Dorf le village
74%
der Park le parc
71%
die Stadt la ville
71%
wohnen habiter
65%
das Auto la voiture
59%
das Viertel le quartier
59%
der Zug le train
59%
der Bahnhof la gare
56%
der Garten le jardin
56%
die Wohnung l'appartement
53%
die Straßenbahn le tram
53%
die U-Bahn le métro
50%
die Brücke le pont
50%
die Statue la statue
47%
der Wald la forêt
44%
das Schiff / das Boot le bateau
38%
der Hafen le port
38%
die Großstadt la grande ville
29%
das Motorrad la moto
26%
der Fluss le fleuve
24%
der Springbrunnen la fontaine
21%
das Bauwerk / das Denkmal le monument
12%
die Gasse la ruelle
6%
das Mehrfamilienhaus l'immeuble
3%
Keine übereinstimmenden Quizze gefunden
Verteilung der Resultate
Anzahl Personen mit jedem Resultat
Perzentil nach korrekt beantworteten Fragen
Ihre Resultats-Entwicklung
Sie haben dieses Quiz seit der letzten Aktualisierung nicht gespielt